00705nam a2200241 a 4500001001300000003000900013005001700022008004100039020001000080082001500090100002200105245002300127260004900150300000800199500003500207505003200242650002600274700002200300902000800322942000700330952011100337999001500448nice12345678IN_TiNIC20260116012003.0050524s1976 mada grp 000 0 eng  ac1.500a232.1bPRE aPremsagar, Victor aHe Emptied Himself aMadras bChristian Literature Society c1976 a49p aincludes index and biblioraphy2 afour volumes bound together aJesus Christ-Divinity1 aPremsagar, Victor bSRS cBK 001040708StackRoom-aHMIbHMId2007-06-18g1.50l0o232.1 PREp07927r2007-06-18v1.50w2005-05-24yBK c5171d5171